00330nam a2200133Ia 4500008004100000040001600041041001200057082001700069100001800086245003500104250001200139260003000151300001500181230917s9999||||xx |||||||||||||| ||und|| e35982aMAIN aEnglish a372.35 G273S aGega, Peter C 0aScience in elementry education a6th ed. aNew YorkbMacmillanc1986 axx, 698 p.